000
00222nam a22000857a 4500
999
_c
11501
_d
11501
008
190530b ||||| |||| 00| 0 eng d
020
_a
9781576581483
100
_9
7218
_a
BENGE J G
245
_a
MARY SLESSOR FORWARD INTO CALABAR